Les villes étapes du Tour de France Femme (depuis 2022) - Statistiques

Statistiques générales
  • Ce quiz a été pris 13 fois
  • Le résultat moyen est 12 sur 68
Statistiques - réponses
Depart Arrivée Dernière apparition Réponse % Correct
1 2 2026 Nice
77%
1 0 2025 Brest
69%
3 1 2025 Clermont-Ferrand
69%
1 1 2022 Paris
69%
0 1 2025 Angers
54%
1 1 2023 Pau
46%
0 1 2025 Quimper
46%
1 0 2025 Bourg en Bresse
38%
0 1 2024 L'Alpes d'Huez
38%
1 1 2026 Lausanne
38%
0 1 2026 Dijon
31%
1 1 2026 Genève
31%
0 1 2026 Mont Ventoux
31%
1 0 2022 Reims
31%
0 1 2023 Rodez
31%
0 1 2023 Tourmalet (Bagnères de Bigorre)
31%
1 0 2022 Troyes
31%
1 1 2023 Albi
23%
1 0 2022 Bar le Duc
23%
0 1 2022 Bar sur Aude
23%
1 1 2025 Chambery
23%
0 1 2025 Chatel
23%
0 1 2022 La Super Planches des Belles Filles
23%
0 1 2025 Plumelec
23%
1 0 2025 Saumur
23%
0 1 2025 Ambert
15%
1 0 2024 Bastogne
15%
0 1 2026 Belleville en Beaujolais
15%
0 1 2025 Guéret
15%
1 1 2024 Le Grand Bornand
15%
0 1 2022 Le Markstein (Fellering)
15%
0 1 2024 Liège
15%
1 0 2026 Macon
15%
0 1 2024 Morteau
15%
0 1 2025 Poitiers
15%
1 0 2025 Praz Sur Arly
15%
2 2 2024 Rotterdam
15%
1 0 2025 Vannes
15%
1 0 2026 Aigle
8%
1 0 2023 Cahors
8%
1 0 2025 Chasseneuil du Poitou
8%
1 0 2023 Collonges La Rouge
8%
0 1 2022 Epernay
8%
0 1 2024 La Haye
8%
1 0 2025 Le Gacilly
8%
0 1 2025 Saint François Longchamp
8%
0 1 2026 Tournon sur Rhone
8%
0 1 2024 Amnéville
0%
0 1 2023 Blagnac
0%
1 0 2024 Champagnole
0%
1 0 2024 Dordrecht
0%
1 0 2026 Gevrey-Chambertin
0%
1 0 2023 Lannemezan
0%
1 0 2026 La Voulte sur Rhone
0%
1 0 2022 Lure
0%
0 1 2023 Mauriac
0%
1 0 2022 Meaux
0%
1 0 2026 Montbrison
0%
0 1 2023 Motignac-Lascaux
0%
1 0 2023 Onet Le Chateau
0%
0 1 2026 Poligny
0%
0 1 2022 Provins
0%
1 0 2024 Remiront
0%
0 1 2022 Rosheim
0%
1 1 2022 Saint Dié des Vosges
0%
1 0 2022 Selestat
0%
1 0 2026 Sisteron
0%
1 0 2024 Valkenburg
0%
Aucun quiz correspondant
Distribution des résultats
% des personnes avec chaque résultat
Percentile par nombre de réponses
Votre historique - résultats
Vous n’avez pas pris ce quiz